| 000 | 00500nam a2200205Ia 4500 | ||
|---|---|---|---|
| 001 | 1754 | ||
| 003 | GE_BSU | ||
| 008 | 181216s||||||||xx |||||||||||||| ||und|| | ||
| 040 | _cGE_BSU | ||
| 100 | _aШиряев,А.Н. | ||
| 245 | _aВероятность | ||
| 245 | _bуч-е пособие для студ. вуза | ||
| 260 | _aМосква | ||
| 260 | _bНаука | ||
| 260 | _c1980 | ||
| 300 | _a574стр. 20см. | ||
| 541 | _h10л. | ||
| 653 | _aВероятность | ||
| 942 | _cBK | ||
| 999 |
_c35863 _d35863 |
||